00436 2200181 4500001002100000005001500021008004100036020002200077035001900099041000700118082001000125090001600135100002100151245003400172260001700206300002000223650001100243INLIS00000000000270220241224112603241224||||||||| | ||| |||| || |  a978-602-1637-55-5 0010-1224002702 aid0 a895.6 a895.6 TAK s0 aTakashi Matsuoka00aSamurai; Jembatan Musim Gugur bQanitac2014 a628 hlm;20.5 cm 0aSastra